000 00782nam a2200289 a 4500
001 000110605
003 CHAP
005 20220329144140.0
008 140917s1987 mx | |r| |||1|||spa|d
010 _a107067
011 _a108039
040 _cCHAP
082 0 4 _a972.520902
_bC95 1987
100 1 _aCruces Carvajal, Ramón
_929244
245 1 0 _aTezcoco en el tiempo /
_cpor Ramón Cruces carvajal.
250 _a2 ed.
260 3 _aTexcoco, Méx.,
_c1987.
300 _aix, 95 p.
490 0 _aSerie Chimalpahin
590 _aBATCH-UPD
_b05
_c20140917
_lUCH01
_h1410
590 _aE792CSJ
_b05
_c20140917
_lUCH01
_h1409
650 1 4 _aTexcoco, México (Edo.)
_xHistoria.
_9128424
830 0 _aSerie Chimalpahin
_9128429
901 _aBK
942 _cLIBRO
942 _n0
999 _c107067
_d107067